Η οικονομική διάσταση των μέσων μαζικής επικοινωνίας
Αποθηκεύτηκε σε:
| Άλλοι συγγραφείς: | |
|---|---|
| Μορφή: | Βιβλίο |
| Γλώσσα: | Greek |
| Δημοσίευση: |
Αθήνα :
Παπαζήσης,
2003.
|
| Θέματα: | |
| Ετικέτες: |
Προσθήκη ετικέτας
Δεν υπάρχουν, Καταχωρήστε ετικέτα πρώτοι!
|
MARC
| LEADER | 00000cam a2200000 i 4500 | ||
|---|---|---|---|
| 001 | 1/45294 | ||
| 008 | 140403s2003 gr | ||| |||| ||gre|| | ||
| 020 | |a 9600217157 | ||
| 035 | |l 10117278 | ||
| 040 | |a GR-MyUa |b gre |e AACR2 | ||
| 041 | 0 | |a gre | |
| 082 | 7 | |a 302.23 |2 (23) | |
| 245 | 0 | 2 | |a Η οικονομική διάσταση των μέσων μαζικής επικοινωνίας / |c εποπτεία έρευνας και επιστημονική επιμέλεια Θάνος Σκούρας. |
| 260 | |a Αθήνα : |b Παπαζήσης, |c 2003. | ||
| 300 | |a 608 σ. ; |c 24 εκ. | ||
| 504 | |a Περιλαμβάνει βιβλιογραφικές παραπομπές. | ||
| 650 | 0 | |a Mass media |x Economic aspects. | |
| 650 | 0 | |a Mass media |z Greece. | |
| 700 | 1 | |a Skouras, Thanos, |d 1943- |e edt | |
| 852 | |a INST |b LESVOS |c EUDOXUS |e 20140403 |h 302.23 ΟΙΚ |p 005100053825 |q 005100053825 |t EDX |y 0 | ||
| 852 | |a INST |b SYROS |e 20170124 |h 302.23 ΟΙΚ |p 005500012866 |q 005500012866 |t BK |y 0 | ||
| 901 | |a BIBL1-2014-1 | ||
| 920 | |a Εύδοξος |b Παραγγελία |y Λέσβος-ΤΠΤΕ |z 2013-04 | ||
| 970 | |a Τζαφέρη |b Ευαγγελία |z 02/04/2014 | ||